The American family and the state /

Bibliographic Details
Corporate Author: Pacific Research Institute for Public Policy
Other Authors: Peden, Joseph R., Glahe, Fred R.
Format: Book
Language:English
Published: San Francisco, Calif. : Pacific Research Institute for Public Policy, [1986]
Series:Pacific studies in public policy.
Subjects:

MARC

Tag First Indicator Second Indicator Subfields
LEADER 00000cam a2200000 a 4500
001 in00000008433
005 20151003060013.0
008 861209s1986 cau bs 00100 eng
010 |a  85063547  
020 |a 0936488123 :  |c $34.95 
020 |a 0936488050 (pbk.) :  |c $14.95 
035 |a (OCoLC)14098781 
035 |9 AAA0822AM 
040 |a DLC  |c DLC  |d m/c  |d OCL  |d TXA  |d UtOrBLW 
043 |a n-us--- 
050 0 0 |a HQ536  |b .A546 1986 
070 0 |a HQ536.A4 
082 0 |a 306.8/5/0973  |2 19 
245 0 4 |a The American family and the state /  |c edited by Joseph R. Peden and Fred R. Glahe ; foreword by Robert Nisbet. 
264 1 |a San Francisco, Calif. :  |b Pacific Research Institute for Public Policy,  |c [1986] 
264 4 |c ©1986 
300 |a xxvi, 488 pages ;  |c 24 cm. 
336 |a text  |b txt  |2 rdacontent 
337 |a unmediated  |b n  |2 rdamedia 
338 |a volume  |b nc  |2 rdacarrier 
490 1 |a Pacific studies in public policy 
504 |a Includes bibliographies and index. 
650 0 |a Family policy  |z United States. 
650 0 |a Families  |z United States. 
651 0 |a United States  |x Social policy. 
700 1 |a Peden, Joseph R. 
700 1 |a Glahe, Fred R. 
710 2 |a Pacific Research Institute for Public Policy. 
830 0 |a Pacific studies in public policy. 
999 |a MARS 
999 f f |s 3fcd6a21-b208-3ec8-a530-02f4c04033df  |i af0ad3f4-59e6-3e4c-bdbe-ac3a16942fa7  |t 0 
952 f f |p ric  |a Texas A&M University  |b Rellis Campus  |c Joint Library Facility  |s JLF  |d Remote Storage  |t 0  |e HQ536 .A546 1986  |h Library of Congress classification  |i unmediated -- volume  |m A14812561865 
998 f f |a HQ536 .A546 1986  |t 0  |l Remote Storage